Society and psychosis

Αποθηκεύτηκε σε:
Λεπτομέρειες βιβλιογραφικής εγγραφής
Κύριος συγγραφέας: Morgan, Craig 1971-
Άλλοι συγγραφείς: McKanzie, Kwame, Fearon, Paul
Μορφή: Βιβλίο
Γλώσσα:English
Δημοσίευση: Cambridge : Cambridge University Press, 2008
Θέματα:
Ετικέτες: Προσθήκη ετικέτας
Δεν υπάρχουν, Καταχωρήστε ετικέτα πρώτοι!

MARC

LEADER 00000nam a2200000 i 4500
001 1/42225
008 140217s2008 eng d
020 |a 978-0-521-68959-5 
035 |l 10116712 
040 |a GR-MY-UA  |b gre  |e aacr 
041 0 |a eng 
082 0 |a 362.2  |2 (22) 
100 1 |a Morgan, Craig  |d 1971- 
245 1 0 |a Society and psychosis /  |c [edited by] Craig Morgan, Kwame McKenzie, Paul Fearon 
260 |a Cambridge :   |b Cambridge University Press,   |c 2008 
300 |a ix, 255 σ.;  |c 25 εκ. 
504 |a Περιλαμβάνει βιβλιογραφία και ευρετήριο 
650 0 0 |a Psychosis  |x Social aspects. 
700 1 |a McKanzie, Kwame. 
700 1 |a Fearon, Paul. 
852 |a INST  |b LESVOS  |e 20140217  |h 362.2 SOC  |p 005100053570  |q 005100053570  |t BK  |y 0 
901 |a BIBL1-2014-1 
909 |a Λ  |b 177558 
922 |a 1ΕΛΗ  |b 201211  |c ΤΜΗΜΑ ΚΟΙΝΩΝΙΚΗΣ ΑΝΘΡΩΠΟΛΟΓΙΑΣ ΚΑΙ ΙΣΤΟΡΙΑΣ  |d ΙΩΑΝΝΙΔΟΥ 
970 |a ΤΖΑΦΕΡΗ  |b ΕΥΑΓΓΕΛΙΑ  |z 2014/02/17